| 000 | 00610nam a22001457a 4500 | ||
|---|---|---|---|
| 003 | OSt | ||
| 005 | 20160310095548.0 | ||
| 008 | 160310b xxu||||| |||| 00| 0 eng d | ||
| 040 | _cRUA | ||
| 082 | _aLMA KEN 2014 B467 Or.1 | ||
| 100 |
_97874 _aKENG PONLEU; កេង ពន្លឺ |
||
| 245 | _aUrban land use planning in koki kandal province, ការធ្វើផែនការប្រើប្រាស់ដីធ្លីនៅក្នុងឃុំគគីរស្រុុកកៀេនស្វាយ ខេត្តកណ្ដាល | ||
| 300 |
_aiv,41p. _bill. _c29cm. |
||
| 942 |
_2ddc _cLMA |
||
| 999 |
_c7468 _d7468 |
||